000 00311nam a2200109Ia 4500
008 200302s9999 xx 000 0 und d
100 _aCharles W. Harris & Others
245 _aTime Saver Standards for Landscape Architecture
260 _bMcgraw- hill International Book co.,
260 _c1995
300 _a960 P.,
999 _c1344
_d1344